000 00659nam a2200169 a 4500
001 000029238
005 20250116073944.0
008 110414s1978 dr 000 0 spa d
040 _aDO-SdBNP
_bspa
_cBNPHU
082 _axxxx
_bR788d
100 1 _aRosa, Victor de la
_956136
245 1 0 _aDerecho usual :
_bpara uso de la educación intermedia. /
_cVictor de la Rosa.
260 _aSanto Domingo :
_bSaturno,
_c1978.
300 _a39 p. ;
_c22 cm.
500 _aManual para estudiante preparado de acuerdo a los programas vigentes en la República Dominicana
710 1 _aRepública Dominicana.
_bSecretaría de Estado de Educación, Bellas Artes y Cultos
_923965
999 _c28730
_d28730